1468 1361 1483 1977 1238 1210 1157 1629 1135 1551 1894 1994 1501 1027 1761 1052 1975 1885 1963 1718 1551 1279 1342 1525 1430 1308 1603 1778 1933 1749 1520 1922 1216 1952 1667 1379 1598 1927 1567 1416 1527 1320 1026 1233 1904 1652 1784 1918 1379 1178 1539 1263 1216 1075 1641 1780 1216 1297 1199 1201 1514 1526 1427 1297 1313 1852 1034 1989 1305 1033 1556 1113 1914 1015 1943 1216 1069 1754 1186 1302 1528 1351 1270 1813 1404 1521 1660 1733 1046 1687 1965 1445 1645 1530 1249 1331 1986 1339 1022 BCNSPRNW ULIB Ver.6.0+V

เปลี่ยนเป็นภาษาไทย

Change to English
 แสดงรายละเอียดบรรณานุกรม
  กลับหน้าหลัก

Brief Record : Get Marc (ISO 2709) : E-mail record : QR code < ปิดหน้าต่าง
LEADER : 00000nam 2200000uu 4500
001    13399125856
003     ULIB
008    020711s2016 th a 000 0 eng d
020    ^a9781259251238
060    ^aWP18.2^bS614O
100    ^aSims< Shireen Madani.
245    ^aObstetrics and gynecology : Pretest self-assessment and review/^bSims< Shireen Madani.
250    ^a14th ed
260    ^aNew York :^bMcGraw-hill,^c2016
300    ^a358 pages;^c22 cm
650    ^aGynecology-Examination Questions
650  0 ^aObstetrics-Examination Questions
945    ^p450^l0^i003238
999    ^aประนอม เกษจรัล
รายการนี้ยังไม่มีแท็ก
คุณยังไม่ได้ล็อกอิน คุณสามารถมีกิจกรรมร่วมกับเว็บไซต์ได้ แต่ต้องล็อกอินก่อน ::
  ล็อกอิน

รายการสื่อสารสนเทศ

ลำดับที่ ประเภท เลขเรียก/บาร์โค้ด สถานที่ สถานะ
1. วิทยาศาสตร์การแพทย์ และสุขภาพ
หนังสือสำรอง
สถานะ=หนังสือสำรอง
WP18.2 S614O ฉ.1 
  Barcode: 003238
ห้องสมุดวิทยาเขตสวรรค์ประชารักษ์
►หนังสือทั่วไป
บนชั้น

BibComment


ยังไม่เคยถูกคอมเมนท์

คอมเมนท์ทรัพยากรรายการนี้
  คอมเมนท์: Obstetrics and g..


 Copyright 2026. Bcnsprnw @Library